Memoria de la descentralización 2000-2006

Saved in:
Bibliografiske detaljer
Format: Bog
Sprog:spansk
Udgivet: Santiago Gobierno de Chile. Ministerio del Interior 2000
Santiago Subsecretaría de Desarrollo Regional y Administrativo 2000
Fag:
Tags: Tilføj Tag
Ingen Tags, Vær først til at tagge denne postø!

MARC

LEADER 00000nam a2200000 a 4500
001 UCG1703
003 CL-VaPUC
008 100513e20000000CL |||||||||||||||||spa|d
082 0 4 |a 352.283  |b MEM  |2 21 
245 1 0 |a Memoria de la descentralización 2000-2006 
300 |a 175 p 
942 |c BK 
945 |d 20100513 00:00:00  |a dcastane 
260 |a Santiago  |b Gobierno de Chile. Ministerio del Interior  |c 2000 
260 |a Santiago  |b Subsecretaría de Desarrollo Regional y Administrativo  |c 2000 
650 7 |a DESCENTRALIZACION REGIONAL  |2 CL-VaPUC  |9 549679 
650 0 |a Regionalización   |9 255465 
650 0 |a Administración pública   |9 255343 
650 0 |a Reforma constitucional  |9 332804 
650 0 |a Política regional  |9 528820 
651 7 |a CHILE  |2 CL-VaPUC  |9 549680 
583 |a last modification  |c 20130326 09:52:00  |k Rodrigo Vera 
999 |c 340977  |d 340975 
952 |0 0  |1 0  |4 0  |6 352_283000000000000_MEM_2000_2000  |7 0  |8 X  |9 436156  |a FDOBUD  |b FDOBUD  |d 2019-11-22  |i 4672437  |o 352.283 MEM 2000 2000  |p 4672437  |r 2019-11-22  |w 2019-11-22  |y BK_X  |k BUD